It is time. (Record no. 12026)

000 -LEADER
fixed length control field 00621nam a2200193 a 4500
001 - CONTROL NUMBER
control field :::00009828$&:&@@
003 - CONTROL NUMBER IDENTIFIER
control field OkBaRHE
005 - DATE AND TIME OF LATEST TRANSACTION
control field 20010302114703.0
008 - FIXED-LENGTH DATA ELEMENTS--GENERAL INFORMATION
fixed length control field s1943 j 000 0 eng u
040 ## - CATALOGING SOURCE
Transcribing agency
100 1# - MAIN ENTRY--PERSONAL NAME
Personal name Havner, Vance, 1901-
245 10 - TITLE STATEMENT
Title It is time.
260 ## - PUBLICATION, DISTRIBUTION, ETC. (IMPRINT)
Place of publication, distribution, etc n.p., :
Name of publisher, distributor, etc Fleming H. Revell Company
Date of publication, distribution, etc c1943
300 ## - PHYSICAL DESCRIPTION
Extent 96 p. ;
Dimensions 20 cm.
650 ## - SUBJECT ADDED ENTRY--TOPICAL TERM
Topical term or geographic name as entry element Sermons, American
942 ## - ADDED ENTRY ELEMENTS (KOHA)
Source of classification or shelving scheme
Koha item type Books
Copies
Copy number Price effective from Permanent Location Shelving location Date acquired Withdrawn status Date last seen Barcode Full call number Not for loan Source of classification or shelving scheme Koha item type Damaged status Lost status
12010-04-14RHEMA Bible Training CollegeGeneral Stacks2010-04-14 2010-04-149828BV 4241 .H3  Books  
22010-04-14RHEMA Bible Training CollegeGeneral Stacks2010-04-14 2010-04-1418934BV 4241 .H3  Books